Rozvoj telesných vlastností

Bibliographic Details
Main Authors: Kuchen, Andrej, 1912-1985 (Author), Frič, Jaromír, 1921-1997 (Author)
Format: Book
Language:Slovak
PhysicalDescription:66 strán, [11] strán obrazových príloh grafy, ilustrácie 21 cm
Published: Bratislava Šport 1959
Subjects:

MARC

LEADER 00000cam a2200000 a 4500
001 vtls001373198
003 SK-MaSNL
005 20260301161201.0
008 240226s1959 xo da g nf 000 0 slo
015 |a SNBA1959 
020 |q (brožované) 
035 |a SNK000327063 
035 |a urn:nbn:sk:snk-am3ijgl 
035 |a FC2569A6-B366-427D-BBCE-1A2D4099E4D1 
035 |a urn:nbn:sk:snk-am00em5g 
040 |a SNK  |b slo  |c SNK  |e AACR2 
041 0 |a slo 
044 |a xo  |c SK 
072 7 |a 796  |x Šport. Hry. Telesné cvičenia  |2 konspekt 
080 |a 796.42/.43  |2 2011 
080 |a 796.015.54  |2 2001 
080 |a 796.012.1  |2 2011 
080 |a (072)  |2 2011 
100 1 |a Kuchen, Andrej,  |d 1912-1985  |4 aut  |9 178957 
245 1 0 |a Rozvoj telesných vlastností  |c Andrej Kuchen, Jaromír Frič 
260 |a Bratislava  |b Šport  |c 1959 
300 |a 66 strán, [11] strán obrazových príloh  |b grafy, ilustrácie  |c 21 cm 
500 |a Vydal Slovenský ústredný výbor ČSTV, učebno-metodické oddelenie ako účelovú publikáciu pre trénerov a učiteľov 
504 |a Bibliografia na strane 65-66 
650 0 7 |a atletika  |2 SNKPH  |9 3279 
650 0 7 |a motorické schopnosti  |2 SNKPH  |9 3304 
650 0 7 |a vytrvalostný tréning  |2 SNKPH  |9 51543 
655 7 |a metodické príručky  |2 SNKPH  |9 70250 
700 1 |a Frič, Jaromír,  |d 1921-1997  |4 aut  |9 196426 
710 2 |a Československý zväz telesnej výchovy.  |b Slovenský ústredný výbor  |4 pbl  |9 158540 
852 |a Slovenská národná knižnica 
954 |a odborná, vedecká literatúra pôvodná (slovenská)  |2 lita 
958 |a RK 
958 |a TL 
958 |a NB 
958 |a OND 
958 |a EUIPO 
999 |c 808486  |d 810416 
952 |t P60, <04>, [BOOK], {604}  |a SNK  |b SNK  |y VYP  |7 0  |p 17A0211582  |o snkSC 13838 D1  |0 0  |1 0  |4 0  |d 1999-09-25  |l 0  |r 2005-01-02 00:00:00  |w 2026-02-24 
952 |a SNK  |b SNK  |y PREZ  |7 0  |p 17A0845677  |o snkSC 13838  |i snkKSP 4246/59  |0 0  |1 0  |4 0  |d 2020-02-26  |f 1  |l 0  |r 2025-07-16 00:00:00  |w 2026-02-24